Top 15 landen met Covid-19 sterfgevallen - 15 september - Statistieken

Algemene statistieken
  • Deze quiz is 3 keer genomen
  • De gemiddelde score is 11 van 20
Antwoordstatistieken
land % Correct
Brazilië
100%
India
100%
Italië
100%
Rusland
100%
Verenigde Staten
100%
Verenigd Koninkrijk
100%
Argentinië
50%
België
50%
Chili
50%
Colombia
50%
Frankrijk
50%
Iran
50%
Mexico
50%
Peru
50%
Spanje
50%
Zweden
50%
Bolivia
0%
Ecuador
0%
Panama
0%
Zuid-Afrika
0%
Geen overeenkomende quizzen gevonden
Scoreverdeling
Procent van Mensen met Elke Score
Percentiel versus Aantal Correcte Antwoorden
Uw Scoregeschiedenis
U heeft deze quiz nog niet genomen